000 00676nam a2200289Ia 4500
005 20260324142559.0
008 008 260324s9999 xx 000 0 eng d
020 _a9780429232824
037 _aEBOOK
040 _aCRL
040 _beng
040 _cCRL
041 _2eng
041 _aeng
084 _qCRL
100 _aSheila Page
_91200808
245 0 _aHow Developing Countries Trade
245 4 _bThe Institutional Constraints
260 _bTaylor and Francis
260 _c1994
365 _a
365 _b325
856 _uhttp://www.taylorfrancis.com/books/9780429232824
942 _cEBOOK
999 _c1816822
_d1816822